| 000 | 00427nam a2200169Ia 4500 | ||
|---|---|---|---|
| 003 | LK-CoDNM | ||
| 008 | 010623t1957 xxu||||| |||| 00| 1 eng d | ||
| 040 |
_aLK-CoDNM _dLK-CoDNM _eLK-CoDNM |
||
| 041 | _aeng | ||
| 080 |
_a73 _bOPR |
||
| 100 | _aOprescu,G. | ||
| 245 | _aRumanian Sculpture | ||
| 260 |
_bForeign Language Publishing House _aBucharest _c1957 |
||
| 300 | _b156p,ill., 24 cm | ||
| 650 | _aSculpture | ||
| 942 | _cBK | ||
| 999 |
_c104417 _d104417 |
||